|
|
|
|
| LEADER |
00803nta a2200193 i 4500 |
| 001 |
dipl136441 |
| 005 |
20231106130712.0 |
| 008 |
230909s2022 hu om 0|| hun d |
| 040 |
|
|
|a SZTE Diploma Repozitórium
|b hun
|
| 041 |
|
|
|a hun
|
| 100 |
1 |
|
|a Bánáti Tibor
|
| 245 |
1 |
2 |
|a A nanorészecskék hatása a mezőgazdasági növények csírázására és a gyökerek anatómiájára
|h [elektronikus dokumentum] /
|c Tibor Bánáti
|
| 246 |
1 |
0 |
|a The effect of nanoparticles on crops germination and root’s morpho-anatomy
|h [elektronikus dokumentum]
|
| 260 |
|
|
|c 2022
|
| 650 |
|
4 |
|a Természettudományok
|
| 650 |
|
4 |
|a Natural sciences
|
| 650 |
|
4 |
|a Biological sciences
|
| 700 |
2 |
|
|a Véseiné Szőllősi Réka
|e ths
|
| 856 |
4 |
0 |
|u https://diploma.bibl.u-szeged.hu/id/eprint/136441/1/2022_banati_tibor.pdf
|z Dokumentum-elérés
|